[Event "London"]
[Site "London"]
[Date "1984.??.??"]
[Round "?"]
[White "Miles, Anthony J"]
[Black "Ribli, Zoltan"]
[Result "0-1"]
[WhiteElo "2610"]
[BlackElo "2610"]
[Annotator "ChessBase"]
[PlyCount "96"]
[EventDate "1984.04.??"]
[Source "ChessBase"]

1. b4 e6 2. Bb2 Nf6 3. b5 b6 4. e3 Bb7 5. Nf3 Be7 6. Be2 O-O 7. O-O d5 8. d3 c5
9. Nbd2 Nbd7 10. c4 Bd6 11. Re1 Qc7 12. Bf1 (12. h3) 12... dxc4 13. Nxc4 (13.
dxc4 Rad8) 13... Bxf3 14. gxf3 (14. Qxf3 Bxh2+ 15. Kh1 Ne5 $1 (15... Bd6 16.
Qc6 $1)) 14... Bxh2+ 15. Kh1 Be5 16. Nxe5 Nxe5 17. f4 Ng6 18. Qf3 Rad8 19. Be2
Rd5 20. Qh3 Rfd8 21. Rac1 Rf5 22. Rg1 Qd7 23. a4 e5 $6 (23... Qd5+ 24. e4 (24.
Rg2 Qb3) (24. Kh2 Qb3) 24... Nxe4 25. dxe4 Qxe4+ 26. Bf3 Qxf4) 24. Kh2 Qe6 (
24... exf4 25. e4 Re5 26. Rxg6 hxg6 27. Bxe5) (24... h6 25. Rxg6 fxg6 26. Bxe5
Qe7 {=+}) 25. Rg5 Qa2 (25... Rxg5 26. Qxe6 fxe6 27. fxg5 Nd5) 26. Rxf5 Qxb2 27.
fxe5 (27. Re1 exf4) 27... Qxc1 28. exf6 Qb2 29. Bf1 gxf6 30. Qf3 Kg7 31. Qe4 (
31. d4 cxd4 32. Rxf6 Ne5 33. Qf4 dxe3 34. Qg5+ Ng6 35. Rxg6+ hxg6 36. Qxd8
Qxf2+) 31... Qb3 32. Kg1 Qe6 33. Qg4 (33. Qxe6 fxe6 34. Rh5 Ne5) 33... Rd5 34.
e4 Rd4 35. Qg3 Rxa4 36. Rh5 Ra1 37. Kg2 c4 38. dxc4 Qxe4+ 39. f3 Qc2+ 40. Kg1
Qxc4 41. Qh3 h6 42. Qg2 Qd3 43. f4 Qd4+ 44. Kh2 Qxf4+ 45. Kg1 Qd4+ 46. Kh2 Rd1
47. Rf5 Rd2 48. Be2 Qh4+ 0-1

[Event "EU-chT"]
[Site "Skara"]
[Date "1980.??.??"]
[Round "1"]
[White "Karpov, Anatoly"]
[Black "Miles, Anthony J"]
[Result "0-1"]
[WhiteElo "2725"]
[BlackElo "2545"]
[Annotator "ChessBase"]
[PlyCount "92"]
[EventDate "1980.01.??"]
[Source "ChessBase"]

1. e4 a6 2. d4 b5 3. Nf3 (3. a4 $5 Bb7 4. axb5 $6 Bxe4 $1 5. bxa6 Bb7 $1 $15)
3... Bb7 4. Bd3 Nf6 (4... e6 $142) 5. Qe2 (5. e5 Nd5 6. Ng5 $5 {/\->}) (5. Nbd2
) 5... e6 6. a4 (6. Bg5 $5) (6. O-O) (6. Nbd2) 6... c5 (6... b4 {Miles}) 7.
dxc5 (7. e5 c4 $13) (7. c3 c4 (7... Nc6 8. O-O cxd4 9. axb5 (9. Nxd4 $5) (9.
cxd4 Nb4 10. axb5 Nxd3) 9... axb5 10. Rxa8 Qxa8 11. Bxb5 (11. cxd4 Nb4) (11.
Nxd4 Nxd4 12. cxd4 Bxe4 $15) (11. e5 Nd5 $15) 11... Na7 $1 (11... dxc3 12. Nxc3
{/\e5 ><d5}) 12. Nxd4 (12. e5 Bxf3 13. gxf3 Nxb5 14. exf6 gxf6 15. Qxb5 Rg8+
16. Kh1 Qxf3#) 12... Bxe4 13. Bg5 $1 (13. Nd2 Bxg2 $19) 13... Bc5 $1 (13... Be7
14. f3 $13) (13... Bxg2 14. Nxe6 {/\Nc7,Ng7} 14... fxe6 15. Qxe6+ Be7 (15...
Kd8 16. Qxd7#) 16. Bxf6 gxf6 17. Bxd7+ {/\Re1 ->}) 14. Bxf6 (14. f3 Bxb1 (14...
Nxb5 15. Qxb5 Bxd4+ 16. cxd4 Bc6 $13) 15. Rxb1 Bxd4+ 16. cxd4 Nxb5 17. Bxf6 $13
) 14... gxf6 15. Nxe6 $2 fxe6 16. Qh5+ Kd8 17. Qxc5 Nxb5 18. Qxb5 Bxg2 19. Rd1
Bc6 $17 {Kok-Welling, NLD 1981}) 8. Bc2 d5 {/\b4-><<}) 7... Bxc5 8. Nbd2 (8.
O-O) 8... b4 9. e5 Nd5 (9... Ng4) 10. Ne4 Be7 11. O-O $6 (11. Bg5 $142 O-O (
11... f6 $6 12. exf6 gxf6 $2 (12... Nxf6 $14) 13. Ne5 $1) 12. Nd6 (12. h4 $5)
12... Bc6 {/\f6} 13. Qe4 (13. h4 f6 14. exf6 gxf6 15. Ne5 fxg5 16. Qh5 {
Volovik-Kozlov}) 13... f5) 11... Nc6 12. Bd2 (12. Bg5 f6 $1 {/\Qc7,0-0-0 |^}
13. exf6 gxf6 14. Bh6 Qc7 15. g3 Rg8 16. Rfc1 Ne5 17. Nxe5 Qxe5 {
Westerinen-Schulz}) 12... Qc7 13. c4 (13. Ng3 h5 $5) 13... bxc3 14. Nxc3 Nxc3
15. Bxc3 Nb4 16. Bxb4 Bxb4 17. Rac1 Qb6 18. Be4 (18. Ng5 $5 Be7 (18... h6 19.
Qh5 O-O 20. Rc4 {/\Rg4}) 19. Qh5 (19. Nxh7 g6 20. Nf6+ Bxf6 21. exf6 Qd4 $15)
19... Bxg5 20. Qxg5 O-O $13) 18... O-O 19. Ng5 (19. Bxh7+ Kxh7 20. Ng5+ Kg6 $1
(20... Kh6 21. Rc4 {/\Rh4} 21... g6 22. Qg4 $1 $18) 21. Qg4 f5 (21... f6 $5)
22. Qg3 Qd4 $13 23. h3 $2 Kh5 $1) 19... h6 20. Bh7+ $5 (20. Bxb7 Qxb7 21. Qe4
$10) 20... Kh8 21. Bb1 Be7 22. Ne4 (22. Qd3 g6 $15) 22... Rac8 23. Qd3 $2 Rxc1
24. Rxc1 Qxb2 25. Re1 (25. Rc7 g6 {/\Rc8}) 25... Qxe5 26. Qxd7 Bb4 27. Re3 Qd5
28. Qxd5 Bxd5 29. Nc3 Rc8 30. Ne2 g5 31. h4 Kg7 32. hxg5 hxg5 33. Bd3 a5 34.
Rg3 Kf6 35. Rg4 Bd6 36. Kf1 Be5 37. Ke1 Rh8 38. f4 gxf4 39. Nxf4 Bc6 40. Ne2
Rh1+ 41. Kd2 Rh2 42. g3 Bf3 43. Rg8 Rg2 44. Ke1 Bxe2 45. Bxe2 Rxg3 46. Ra8 Bc7
0-1

[Event "Auckland"]
[Site "Auckland"]
[Date "1992.??.??"]
[Round "5"]
[White "Dreyer, Martin"]
[Black "Miles, Anthony J"]
[Result "1/2-1/2"]
[WhiteElo "2235"]
[BlackElo "2565"]
[Annotator "Rogers"]
[PlyCount "71"]
[EventDate "1992.??.??"]
[Source "ChessBase"]

1. d4 e6 2. e4 b6 $5 {Miles has been getting away with this unpretentious
opening for a long, long, time but finally one of his opponents has the sense
to consult the 'Encyclopedia of Chess Openings' and try the recommended
antidote.} 3. Bd3 Bb7 4. Nf3 c5 5. c3 Nf6 6. Qe2 Be7 7. O-O Nc6 8. e5 Nd5 9.
dxc5 $1 Bxc5 10. b4 Be7 11. a3 $1 d6 12. c4 Nc7 {
The poor placement of this knight should ensure a slight advantage for White.}
13. exd6 Qxd6 14. Bb2 Bf6 15. Nc3 $6 (15. Bxf6 {was stronger.}) 15... O-O-O 16.
Rfd1 Qf4 17. Be4 Nd4 $1 18. Nxd4 Bxd4 $2 ({
Black should be able to equalise after} 18... Rxd4 {
whereas now some unexpected tactical tricks conspire against Miles.}) 19. g3 $1
Qe5 20. Rxd4 $3 Qxd4 (20... Rxd4 21. Bxb7+ Kxb7 22. Qxe5 {
would be immediately fatal.}) 21. Bxb7+ Kxb7 22. Nd5 $1 {The point - Black's
queen is trapped and must be surrendered for insufficient compensation.} 22...
Qxb2 23. Qxb2 exd5 24. cxd5 $2 ({Both} 24. c5 $1 {and}) (24. Qxg7 {playing for
a win by direct attack, would probably have finished the game in short order.
Now Black survives to a difficult endgame.}) 24... f6 $1 25. Rd1 Rxd5 26. Rxd5
Nxd5 27. Qd4 Rd8 28. Qe4 g6 29. Qe6 Kc7 30. h4 Rd6 31. Qf7+ Rd7 32. Qe6 Rd6 33.
Qe8 Rd8 34. Qf7+ Rd7 35. Qg8 Kd6 36. Qb8+ {Draw Agreed!? A surprising finish
which can only be put down to inexperience on the part of Dreyer, the young
New Zealand Champion. While White has no immediate targets, a slow
softening-up process involving the advance of the a and h pawns should win in
the long run. White clearly has no risk of losing but Dreyer was just happy to
pick up half a point against the top seed.} 1/2-1/2

[Event "BCF-ch"]
[Site "Torquay"]
[Date "1998.??.??"]
[Round "1"]
[White "Tebb, David"]
[Black "Miles, Anthony J"]
[Result "0-1"]
[WhiteElo "2260"]
[BlackElo "2595"]
[PlyCount "146"]
[EventDate "1998.08.??"]
[Source "ChessBase"]
[SourceDate "1998.11.06"]

1. e4 Nc6 2. Nc3 e6 3. d4 Bb4 4. Nge2 d6 5. a3 Ba5 6. Be3 Nge7 7. Qd3 O-O 8. f3
f5 9. O-O-O e5 10. d5 Nb8 11. h3 Nd7 12. Na4 Bb6 13. Nxb6 axb6 14. c4 f4 15.
Bf2 Nf6 16. Nc3 Nh5 17. Qd2 Bd7 18. Bd3 Nc8 19. Kb1 c5 20. dxc6 bxc6 21. c5
bxc5 22. Bc4+ Kh8 23. Bxc5 dxc5 24. Be6 Nb6 25. Bxd7 Nc4 26. Qd3 Ne3 27. Bxc6
Nxd1 28. Rxd1 Qxd3+ 29. Rxd3 Rac8 30. Bb5 Nf6 31. Bc4 Rfd8 32. Bd5 Nd7 33. Na4
Re8 34. Rc3 g6 35. Kc2 Kg7 36. Bc4 Rb8 37. Bd5 Rbc8 38. b3 Kf6 39. Bb7 Rc7 40.
Ba6 Rb8 41. b4 Ke7 42. Nxc5 Nxc5 43. bxc5 Ra7 44. Bc4 Ra5 45. Bd5 Rbb5 46. c6
Rc5 47. Rxc5 Rxc5+ 48. Kb3 Kd6 49. a4 Kc7 50. Kb4 Kb6 51. Bc4 Rxc6 52. a5+ Ka7
53. Kb5 Rc7 54. h4 Kb8 55. Kb4 h6 56. Kb5 g5 57. hxg5 hxg5 58. Kb4 Rc6 59. Kb5
Rh6 60. Kc5 Rh2 61. Kd6 Rxg2 62. Kxe5 Rf2 63. Kf5 Rxf3 64. Kxg5 Rc3 65. Bf1 f3
66. e5 f2 67. a6 Rc1 68. Bd3 f1=Q 69. Bxf1 Rxf1 70. a7+ Kxa7 71. e6 Kb7 72. e7
Re1 73. Kf6 Kc7 0-1